000 00469nam a2200169Ia 4500
001 9548
003 GE_BSU
008 181216s||||||||xx |||||||||||||| ||und||
040 _cGE_BSU
245 _aАзия и Африка сегодня. №3(679). 2014
245 _cГл.ред.Васильев А.М.
260 _aМосква
260 _c2014
300 _a80გვ.29სმ.
653 _aАзия и Африка сегодня. №2(679). 2014
942 _cCR
999 _c42842
_d42842